000 00723nam a2200241 a 4500
008
020 _a8185461317 (pbk.)
049 _aMAIN
090 0 0 _aHF5415.13
100 1 _aDavar, Rustom S.
245 1 0 _aModern marketing management /
_c Rustom S. Davar.
260 _aBombay :
_bProgressive Corp,
_c1969
300 _axxiv, 632 p. :
_bill,
_c23 cm.
440 0 _aProgressive series in management.
504 _aIncludes bibliographical references.
650 0 _aMarketing
_xManagement.
650 0 _aMarketing
_zIndia
_xManagement.
907 _a.b10136721
_b23-09-04
_c21-09-04
003
005 20230123133829.0
040 _cNUST
942 _cBOOKS
_kHF5415.13
999 _c155356
_d155356